000 00422nam a2200181Ia 4500
008 230711s9999||||xx |||||||||||||| ||und||
020 _a978-81-315-0052-1
041 _aENG
082 _a53.41
_bAS-S
100 _aAshcroft,Neil W
245 0 _aSoild state Physics
250 _a5th Ed.
260 _c2015
_aDelhi
_bCengage Learning
300 _a826p.
650 _aPhysics
700 _aMermin,N.David
942 _cBK
999 _c5788
_d5788